000 01202cam a22002775a 4500
001 3432453
005 20180109141903.0
008 910508s1991 dcua frb 001 0 eng d
020 _a0841220891
040 _aDLC
_cDLC
_dDLC
_dEG-ScBUE
_beng
043 _an-us---
082 0 0 _a344.7304633
_222
_bREG
245 0 0 _aRegulation of agrochemicals :
_ba driving force in their evolution /
_cedited by Gino J. Marco, Robert M. Hollingworth, Jack R. Plimmer.
260 _aWashington :
_bAmerican Chemical Society,
_c1991.
300 _axvi, 188 p. :
_bill. ;
_c24 cm.
500 _aBased on a symposium honoring the 20th anniversary of the Division of Agrochemicals of the American Chemical Society.
504 _aIncludes bibliographical references and indexes.
650 7 _aAgricultural chemicals
_xLaw and legislation
_zUnited States
_xHistory.
_2BUEsh
650 7 _aPesticides
_xLaw and legislation
_zUnited States
_xHistory.
_2BUEsh
653 _bGGEN
_cJanuary2018
700 1 _aMarco, Gino J.,
_c1924-
_eeditor.
700 1 _aHollingworth, Robert M.,
_d1939-
_eeditor.
700 1 _aPlimmer, Jack R.,
_d1927-
_eeditor.
710 2 _aAmerican Chemical Society.
_bDivision of Agrochemicals.
942 _2ddc
999 _c25917
_d25889